MARC

Tag First Indicator Second Indicator Subfields
LEADER 00000cam a22000003i 4500
001 in00002503552
005 20190327173450.0
006 m||||||||d||||||||
007 cr |n ---||a|a
008 941115r19951973nyu s 000|0 eng d
010 |a  94045205  
020 |a 0679762205 
035 |9 (DLC) 94045205 
035 |a (VaAlASP)ASPS00016338/bltc 
040 |a DLC  |c DLC  |d DLC  |d VaAlASP  |d UtOrBLW 
043 |a n-us--- 
050 0 0 |a PS153.N5  |b M87 1995 
082 0 0 |a 810.9/896073  |2 20 
100 1 |a Murray, Albert. 
245 1 4 |a The hero and the blues /  |c Albert Murray. 
250 |a 1st Vintage Books ed. 
264 1 |a New York :  |b Vintage Books,  |c 1995. 
300 |a 107 pages ;  |c 21 cm. 
336 |a text  |b txt  |2 rdacontent 
337 |a computer  |b c  |2 rdamedia 
338 |a online resource  |b cr  |2 rdacarrier 
500 |a Originally published: [Columbia] : University of Missouri Press, [1973], in series: The Paul Anthony Brick lectures. 
533 |a Electronic reproduction.  |b Alexandria, VA :  |c Alexander Street Press,  |d 2006.  |f (Black thought and culture).  |n Available via World Wide Web. 
500 |a Electronic resource. 
650 0 |a American literature  |x African American authors  |x History and criticism. 
650 0 |a African Americans  |x Music  |x History and criticism. 
650 0 |a African Americans  |x Intellectual life. 
650 0 |a Blues (Music)  |x History and criticism. 
650 0 |a Heroes in literature. 
655 0 |a Electronic books. 
776 1 |c Original  |z 0679762205  |w (DLC) 94045205 
830 0 |a Black thought and culture. 
856 4 0 |z Connect to the full text of this electronic book  |u http://proxy.library.tamu.edu/login?url=http://www.aspresolver.com/aspresolver.asp?BLTC;S16338  |t 0 
999 |a MARS 
999 f f |s 8b16f0ee-1496-3c48-9b4b-0639cf8438ea  |i 9a03990f-de06-3b9f-aceb-f407dde3b290  |t 0 
952 f f |a Texas A&M University  |b College Station  |c Electronic Resources  |d Available Online  |t 0  |e PS153.N5 M87 1995  |h Library of Congress classification 
998 f f |a PS153.N5 M87 1995  |t 0  |l Available Online